The new economic analysis of multinationals: (Record no. 9167)

MARC details
000 -LEADER
fixed length control field 00764nam a22002177a 4500
003 - CONTROL NUMBER IDENTIFIER
control field OSt
005 - DATE AND TIME OF LATEST TRANSACTION
control field 20240712104530.0
008 - FIXED-LENGTH DATA ELEMENTS--GENERAL INFORMATION
fixed length control field 240712b |||||||| |||| 00| 0 eng d
020 ## - INTERNATIONAL STANDARD BOOK NUMBER
International Standard Book Number 1840641541
040 ## - CATALOGING SOURCE
Transcribing agency must
082 ## - DEWEY DECIMAL CLASSIFICATION NUMBER
Classification number 338.88 NEW 2003
245 ## - TITLE STATEMENT
Title The new economic analysis of multinationals:
Remainder of title An agenda for management,policy and research/
Statement of responsibility, etc. Edited by Thomas L. Brewer,Stephen Young and Stephen E. Guisinger
260 ## - PUBLICATION, DISTRIBUTION, ETC. (IMPRINT)
Place of publication, distribution, etc. Cheltenham:
Name of publisher, distributor, etc. Edward Elgar publishing limited;
Date of publication, distribution, etc. c2003.
300 ## - PHYSICAL DESCRIPTION
Extent xii,177p.:
Dimensions 24cm.
440 ## - SERIES STATEMENT/ADDED ENTRY--TITLE
Title New Horizons in international business.
9 (RLIN) 18687
504 ## - BIBLIOGRAPHY, ETC. NOTE
Bibliography, etc Includes index
650 ## - SUBJECT ADDED ENTRY--TOPICAL TERM
Source of heading or term International business enterprise
700 ## - ADDED ENTRY--PERSONAL NAME
Personal name Young,Stephen
9 (RLIN) 18688
700 ## - ADDED ENTRY--PERSONAL NAME
Personal name Guisinger,Stephen E.
9 (RLIN) 18689
942 ## - ADDED ENTRY ELEMENTS (KOHA)
Source of classification or shelving scheme Dewey Decimal Classification
Koha item type Open Shelf
Holdings
Withdrawn status Lost status Source of classification or shelving scheme Damaged status Not for loan Home library Current library Date acquired Source of acquisition Inventory number Total Checkouts Full call number Barcode Date last seen Price effective from Koha item type
    Dewey Decimal Classification     MUST Main Library MUST Main Library 12/07/2024 purchase 03/19980   338.88 NEW 2003 2024-21945 12/07/2024 12/07/2024 Open Shelf
    Dewey Decimal Classification     MUST Main Library MUST Main Library 06/02/2025 purchase 03/19981   338.88 NEW 2003 2025-0005 06/02/2025 06/02/2025 Open Shelf